Guide to the study of animal populations / (Record no. 138135)
[ view plain ]
| 000 -LEADER | |
|---|---|
| fixed length control field | 00760cam7a220024100 4500 |
| 001 - CONTROL NUMBER | |
| control field | lce00252845 |
| 008 - FIXED-LENGTH DATA ELEMENTS--GENERAL INFORMATION | |
| fixed length control field | 770909s1978 tnua b 001 0 eng |
| 010 ## - LIBRARY OF CONGRESS CONTROL NUMBER | |
| LC control number | 77013630 //r81 |
| 020 ## - INTERNATIONAL STANDARD BOOK NUMBER | |
| International Standard Book Number | 0870492357 |
| 035 ## - SYSTEM CONTROL NUMBER | |
| System control number | (Sirsi) r53969 |
| 035 ## - SYSTEM CONTROL NUMBER | |
| System control number | (DLC) 77013630 //r81 |
| 035 ## - SYSTEM CONTROL NUMBER | |
| System control number | (UPRA)lce00252845 |
| 050 0# - LIBRARY OF CONGRESS CALL NUMBER | |
| Classification number | QL752 |
| Item number | .T36 |
| 082 0# - DEWEY DECIMAL CLASSIFICATION NUMBER | |
| Classification number | 591.52/48 |
| Edition number | 19 |
| 100 1# - MAIN ENTRY--PERSONAL NAME | |
| Personal name | Tanner, James Taylor. |
| Linkage | A12730.1 |
| 245 10 - TITLE STATEMENT | |
| Title | Guide to the study of animal populations / |
| Statement of responsibility, etc. | James T. Tanner. |
| 260 ## - PUBLICATION, DISTRIBUTION, ETC. | |
| Place of publication, distribution, etc. | Knoxville : |
| Name of publisher, distributor, etc. | University of Tennessee Press, |
| Date of publication, distribution, etc. | c1978. |
| 500 ## - GENERAL NOTE | |
| General note | Includes index. |
| 504 ## - BIBLIOGRAPHY, ETC. NOTE | |
| Bibliography, etc. note | Bibliography: p. [173]-181. |
| 650 #0 - SUBJECT ADDED ENTRY--TOPICAL TERM | |
| Topical term or geographic name entry element | Animal populations. |
| Linkage | S6950.1 |
| 949 ## - LOCAL PROCESSING INFORMATION (OCLC) | |
| a | QL752 |
| w | lcc |
| i | 33729000340955 |
| m | MAIN |
| p | 2500 |
| t | BOOK |
| l | ON-SHELF |
No items available.